000 01154nam0a2200289 4500
001 RU\NLR\ONL1\12940
005 20250613121522.0
035 _a(NLR Aleph) 009641684
090 _a9548707
_c9548707
100 _a20080116d1953 |||y0rusy50 ca
101 0 _amyv
102 _aRU
105 _aa |||||||||
200 1 _aЭрзянь кель
_eграмматика, сёрмадома, кортамонь кастома
_eтонавтнема кн. нач. шк. 4-це кл.
_fМ. Я. Талабаев
205 _a3-це изд.
210 _aСаранск
_cМорд. кн. изд-вась
_d1953
215 _a120 с.
_cил.
_d23
541 1 _aЭрзянский язык
_eграмматика, правописание и развитие речи: учеб. для 4-го кл. нач. шк.
_zrus
606 0 _aЭрзянский язык
_91650160
_3RU\NLR\auth\66730328
686 1 _aШ166.311-921
700 1 _aТалабаев
_bМ. Я.
_gМихаил Яковлевич
_4070
801 0 _aRU
_bNLR
_c20080116
_gPSBO
852 _aNLR
_bОНЛ
_jМорд.э./3-1437
942 _cBOOK
980 _aNB